000 00294nam a2200121Ia 4500
005 20251222142021.0
008 251222s9999||||xx |||||||||||||| ||spa||
082 _a869.56/B44D
100 _aBendezĂș, Edmundo
245 0 _aEl Delirio de los Coribante:
264 _bVillanueva
942 _cLIB
999 _c10637
_d10637